Coyuntura actual y subsunción real del consumo bajo el capital /

Պահպանված է:
Մատենագիտական մանրամասներ
Հիմնական հեղինակ: Veraza Urtuzuástegui, Jorge
Ձևաչափ: Տեքստ
Ցուցիչներ: Ավելացրեք ցուցիչ
Չկան պիտակներ, Եղեք առաջինը, ով նշում է այս գրառումը!

MARC

LEADER 00000 a a2200000 04500
001 46022
003
040
100 |a Veraza Urtuzuástegui, Jorge  
245 |a Coyuntura actual y subsunción real del consumo bajo el capital /  |c Jorge Veraza Urtuzuástegui  
773 |g número61 (1992), páginas 9-15  
999 |c 28972  |d 28972